=LDR 00000nam 2200000 4500 =001 INLIS000000000011496 =005 20130612103043 =008 ***********************************Ind** =035 ##$$0010-061300000011496 =041 ##$$a Ind =082 ##$$a 382 =090 ##$$a 382, Ami s =100 ##$$a Amir M.S =245 ##$$a Seluk beluk gapura niaga dan perdagangan internasional, Amir M.S =260 ##$$a 1978 $b Jakarta =300 ##$$a 146 hlm., 21 cm =650 ##$$a Ekonomi =850 ##$$a NBPNMAT